Statistics for Communist Countries in history

Click here to take the quiz!

General Stats

  • This quiz has been taken 52 times
    (39 since last reset)
  • The average score is 22 of 27

Answer Stats

HintAnswer% Correct
1949-presentChina
100%
1959-presentCuba
96%
1922-1991Soviet Union
96%
1987-1991Ethiopia
91%
1975-presentLaos
91%
1945-1989Poland
91%
1975-presentVietnam
91%
1975-1979Cambodia
87%
1948-1989Czechoslovakia
87%
1946-1990East Germany
87%
1945-presentNorth Korea
87%
1945-1992Yugoslavia
87%
1978-1992Afghanistan
83%
1946-1989Bulgaria
83%
1921-1990Mongolia
83%
1948-1989Romania
83%
1944-1992Albania
78%
1975-1992Angola
78%
1969-1992Congo
78%
1945-1989Hungary
78%
1976-1991Somalia
74%
1975-1989Benin
70%
1975-1990Mozambique
70%
1979-1983Grenada
61%
1945-1975North Vietnam
57%
1969-1990South Yemen
48%
1921-1944Tuva
48%

Score Distribution

Percentile by Number Answered

Percent of People with Each Score

Your Score History

You have not taken this quiz since the last reset